Fr. Conceicao Rodrigues College of Engineering

Change by Design (Record no. 36052)

MARC details
000 -LEADER
fixed length control field 00442nam a22001457a 4500
003 - CONTROL NUMBER IDENTIFIER
control field OSt
005 - DATE AND TIME OF LATEST TRANSACTION
control field 20240705113140.0
008 - FIXED-LENGTH DATA ELEMENTS--GENERAL INFORMATION
fixed length control field 240705b |||||||| |||| 00| 0 eng d
020 ## - INTERNATIONAL STANDARD BOOK NUMBER
International Standard Book Number 9780062967091
040 ## - CATALOGING SOURCE
Language of cataloging English
Transcribing agency
082 ## - DEWEY DECIMAL CLASSIFICATION NUMBER
Classification number 658.5752
Item number BRO
245 ## - TITLE STATEMENT
Title Change by Design
Remainder of title How design thinking transforms organizations and inspires innovation
Statement of responsibility, etc. Brown,Tim
Medium English
260 ## - PUBLICATION, DISTRIBUTION, ETC.
Name of publisher, distributor, etc. Harper Collins
Date of publication, distribution, etc. 2009
942 ## - ADDED ENTRY ELEMENTS (KOHA)
Source of classification or shelving scheme Dewey Decimal Classification
Koha item type BOOK
Call number prefix 658.5752
Call number suffix BRO
Suppress in OPAC No
Holdings
Withdrawn status Lost status Source of classification or shelving scheme Damaged status Not for loan Collection Home library Current library Date acquired Cost, normal purchase price Total Checkouts Full call number Barcode Date due Date last seen Date last checked out Price effective from Koha item type Total Renewals
    Dewey Decimal Classification     MECHANICAL Fr. Agnel's C.Rodrigues College of Engineering AGNEL TECHNICAL COLLEGE LIBRARY 05/07/2024 650.00 2 658.572/BRO 26412 29/11/2025 19/11/2025 19/11/2025 05/07/2024 BOOK  
    Dewey Decimal Classification     MECHANICAL Fr. Agnel's C.Rodrigues College of Engineering AGNEL TECHNICAL COLLEGE LIBRARY 05/07/2024 650.00 1 658.572/BRO 26414   18/07/2025 15/01/2025 05/07/2024 BOOK 1
    Dewey Decimal Classification     MECHANICAL Fr. Agnel's C.Rodrigues College of Engineering Fr. Agnel's C.Rodrigues College of Engineering 05/07/2024 650.00   658.572/BRO 26413   05/07/2024   05/07/2024 BOOK